Aasian 10 suosituinta matkailumaata - Statistics

Yleistilastot
  • Tätä visaa on pelattu 1 667 kertaa
  • Keskiarvotulos 8 / 10
Vastaustilastot
Saapumisia Valtio % Oikein
24,8 milj. Kiina
99%
25,1 milj. Japani
98%
32,2 milj. Intia
94%
28,2 milj. Thaimaa
94%
14,0 milj. Indonesia
85%
21,1 milj. Singapore
68%
55,2 milj. Turkki
67%
20,1 milj. Malesia
62%
28,1 milj. Yhdistyneet arabiemiirikunnat
56%
27,4 milj. Saudi-Arabia
55%
Ehtoja vastaavia visoja ei löytynyt
Tulosjakauma
Jokaisen tuloksen saaneiden osuus
Persentiili vastausten määrän mukaan
Tuloshistoriasi
Et ole pelannut tätä visaa